<?xml version="1.0" encoding="UTF-8"?>
<collection xmlns:xsi="http://www.w3.org/2001/XMLSchema-instance" xsi:schemaLocation="http://www.loc.gov/MARC21/slim http://www.loc.gov/standards/marcxml/schema/MARC21slim.xsd" xmlns="http://www.loc.gov/MARC21/slim">
 <record>
  <leader>00000nam a22000004a 4500</leader>
  <controlfield tag="001">UP-8027390931311684066</controlfield>
  <controlfield tag="003">Buklod</controlfield>
  <controlfield tag="005">20250627143920.0</controlfield>
  <controlfield tag="006">m    |o  d |      </controlfield>
  <controlfield tag="007">ta</controlfield>
  <controlfield tag="008">250303s2024    xxu     r    |||| u|eng d</controlfield>
  <datafield tag="040" ind1=" " ind2=" ">
   <subfield code="a">DARC</subfield>
   <subfield code="e">rda</subfield>
  </datafield>
  <datafield tag="041" ind1=" " ind2=" ">
   <subfield code="a">eng</subfield>
  </datafield>
  <datafield tag="090" ind1=" " ind2=" ">
   <subfield code="a">LG 993.5 2024 A7</subfield>
   <subfield code="b">P377</subfield>
  </datafield>
  <datafield tag="100" ind1="1" ind2=" ">
   <subfield code="a">Parras, Juan Antonio S.</subfield>
   <subfield code="e">author.</subfield>
  </datafield>
  <datafield tag="245" ind1="1" ind2="0">
   <subfield code="a">PASIGlahin</subfield>
   <subfield code="b">enhancing connectivity and mobility through a mixed- use intermodal transport riverfront facility in Guadalupe using motion - generative architecture</subfield>
   <subfield code="c">Juan Antonio S. Parras ; Simoun T. Ong, adviser.</subfield>
  </datafield>
  <datafield tag="264" ind1=" " ind2="0">
   <subfield code="a">Quezon City</subfield>
   <subfield code="b">College of Architecture, University of the Philippines Diliman</subfield>
   <subfield code="c">June 2024.</subfield>
  </datafield>
  <datafield tag="300" ind1=" " ind2=" ">
   <subfield code="a">xv, 149 leaves, 97 unnumbered folded leaves of plates</subfield>
   <subfield code="b">illustrations (some color)</subfield>
   <subfield code="c">28 cm.</subfield>
  </datafield>
  <datafield tag="336" ind1=" " ind2=" ">
   <subfield code="a">text</subfield>
   <subfield code="2">rdacontent</subfield>
  </datafield>
  <datafield tag="337" ind1=" " ind2=" ">
   <subfield code="a">unmediated</subfield>
   <subfield code="2">rdamedia</subfield>
  </datafield>
  <datafield tag="338" ind1=" " ind2=" ">
   <subfield code="a">volume</subfield>
   <subfield code="2">rdacarrier</subfield>
  </datafield>
  <datafield tag="500" ind1=" " ind2=" ">
   <subfield code="a">Include appendices</subfield>
  </datafield>
  <datafield tag="502" ind1=" " ind2=" ">
   <subfield code="a">Thesis (Bachelor of Science in Architecture) -- University of the Philippines Diliman</subfield>
   <subfield code="d">June 2024.</subfield>
  </datafield>
  <datafield tag="520" ind1="3" ind2=" ">
   <subfield code="a">Mobility is an integral feature in society, which influences economic, social, political,&#13;
and physical dimensions. In urban contexts, mobility, primarily driven by&#13;
transportation, establishes fundamental processes supporting urban life. In the&#13;
Philippines, particularly in Metro Manila, experiences transport-related challenges&#13;
transcending traffic congestion, encompassing multitudes of transport network&#13;
insufficiencies, fragile infrastructures, and a lack of intermodality. These issues&#13;
constrain movement and disconnect social connections between cities - which&#13;
subsequently hinder urban growth. This study proposes a generative solution, a&#13;
Mixed-Use Intermodal Ferry Transport terminal along the Pasig River, to address&#13;
these challenges through enhanced connectivity and mobility. The project aims to&#13;
bridge the East-West gap in transportation in Metro Manila, through fostering&#13;
accessibility, urban growth, and social connectivity. The design shall integrate the 3V&#13;
framework, which emphasizes values integral for Transit-Oriented Developments&#13;
(TODs): Node, Place, and Market Potential. The research also recognizes cities,&#13;
people, and waterways as key factors, emphasizing that mobility systems play a pivotal&#13;
role in facilitating their interactions and in realizing the 3V values. The proposed&#13;
ferry system's design aligns with the broader goal of establishing efficient, equitable,&#13;
and sustainable mobility systems in Metro Manila. By reimagining and fortifying the&#13;
Pasig Ferry system, the project envisions not only generating movement but also&#13;
unlocking a multitude of opportunities across economic, social, environmental,&#13;
logistical, emergency, and trade domains. Ultimately, the research underscores the&#13;
imperative of comprehensively addressing mobility challenges for holistic urban&#13;
development and improved social connectedness.</subfield>
  </datafield>
  <datafield tag="650" ind1=" " ind2="0">
   <subfield code="a">Migration.</subfield>
  </datafield>
  <datafield tag="650" ind1=" " ind2="0">
   <subfield code="a">Internal</subfield>
   <subfield code="z">Metro Manila.</subfield>
  </datafield>
  <datafield tag="650" ind1=" " ind2="0">
   <subfield code="a">Transportation</subfield>
   <subfield code="z">Metro Manila.</subfield>
  </datafield>
  <datafield tag="650" ind1=" " ind2="0">
   <subfield code="a">Intermodal Ferry.</subfield>
  </datafield>
  <datafield tag="650" ind1=" " ind2="0">
   <subfield code="a">Ferries</subfield>
   <subfield code="z">Metro Manila.</subfield>
  </datafield>
  <datafield tag="700" ind1="1" ind2=" ">
   <subfield code="a">Ong, Simoun T.</subfield>
   <subfield code="e">thesis adviser.</subfield>
  </datafield>
  <datafield tag="842" ind1=" " ind2=" ">
   <subfield code="a">Thesis</subfield>
  </datafield>
  <datafield tag="905" ind1=" " ind2=" ">
   <subfield code="a">FI</subfield>
  </datafield>
  <datafield tag="852" ind1="0" ind2=" ">
   <subfield code="a">UPD</subfield>
   <subfield code="b">DARC</subfield>
   <subfield code="h">LG 993.5 2024 A7</subfield>
   <subfield code="i">P377</subfield>
  </datafield>
  <datafield tag="942" ind1=" " ind2=" ">
   <subfield code="a">Thesis</subfield>
  </datafield>
 </record>
</collection>
